| 000 | 00596nam a22001937a 4500 | ||
|---|---|---|---|
| 005 | 20230322024944.0 | ||
| 008 | 230322b |||||||| |||| 00| 0 eng d | ||
| 020 | _a978-0-12-408082-9 | ||
| 082 | _a621.3916 Y51 2014 | ||
| 100 |
_aYiel, Joseph _eauthor |
||
| 245 |
_aThe definitive guide to APM Cortex-M3 and Cortex-M4 processors / _cJoseph Yiel |
||
| 250 | _a3rd ed. | ||
| 260 |
_aOxford, UK: _bElsevier, _cc2014 |
||
| 300 |
_axxxv, 818p. _bill. |
||
| 504 | _aIncludes bibliographical references and index | ||
| 541 | _e5808 | ||
| 650 | _aEmbedded computer systems | ||
| 650 | _aMicroprocessors | ||
| 999 |
_c1932 _d1932 |
||